UBT Library

Sound studio construction on a budget / (Record no. 44159)

000 -LEADER
fixed length control field 00755cam a2200229 a 4500
001 - CONTROL NUMBER
control field 3525187
005 - DATE AND TIME OF LATEST TRANSACTION
control field 20180306062121.0
008 - FIXED-LENGTH DATA ELEMENTS--GENERAL INFORMATION
fixed length control field 960726s1997 nyua b 001 0 eng
010 ## - LIBRARY OF CONGRESS CONTROL NUMBER
LC control number 96027586
020 ## - INTERNATIONAL STANDARD BOOK NUMBER
International Standard Book Number 0070213828
040 ## - CATALOGING SOURCE
Original cataloging agency DLC
Transcribing agency DLC
Modifying agency DLC
041 ## - LANGUAGE CODE
Language code of text/sound track or separate title eng
080 ## - UNIVERSAL DECIMAL CLASSIFICATION NUMBER
Universal Decimal Classification number 621.3893 EVE
082 00 - DEWEY DECIMAL CLASSIFICATION NUMBER
Classification number 621.3893 EVE
Edition number 20
100 1# - Rafti
Rafti 40
101 ## - Shkurtesa
Shkurtesa MED
245 10 - TITLE STATEMENT
Title Sound studio construction on a budget /
Statement of responsibility, etc F. Alton Everest.
504 ## - BIBLIOGRAPHY, ETC. NOTE
Bibliography, etc Includes bibliographical references (p. 286-288) and index.
906 ## - LOCAL DATA ELEMENT F, LDF (RLIN)
a 7
b cbc
c orignew
d 1
e ocip
f 19
g y-gencatlg
942 ## - ADDED ENTRY ELEMENTS (KOHA)
Source of classification or shelving scheme
Item type Books
Holdings
Withdrawn status Lost status Source of classification or shelving scheme Damaged status Not for loan Collection code Permanent location Current location Shelving location Date acquired Total Checkouts Full call number Barcode Date last seen Price effective from Koha item type
          Koleksioni i përgjithshem UBT - Lipjan UBT - Lipjan Koleksioni i përgjithshem 03/06/2018   621.3893 EVE 002-3000737 03/06/2018 03/06/2018 Books
UBT Library © 2015-2024. All rights reserved University Education for Business and Technology